00545nam a22001577a 4500008004100000040005500041080002300096245007500119250001400194260004500208300001800253500005800271650001300329653001500342700003000357230616b |||||||| |||| 00| 0 eng d aNational Science LibrarycNational Science Library aR 05(058.7) bK7.1 aUlrich's international periodicals directory c/ R. R. Bowker Company  a12th ed.  aNew York: bR. R. Bowker Company, c1968 alxii, 1755p.  aVol.2 (Arts, humanities, business & social sciences)  aScience  aDirectory  aChicorel, Marietta (Ed.)